Normal view
MARC view
Entry Personal Name
001 - CONTROL NUMBER
- control field: 1236634
003 - CONTROL NUMBER IDENTIFIER
- control field: OSt
005 - DATE AND TIME OF LATEST TRANSACTION
- control field: 20260430150146.0
008 - FIXED-LENGTH DATA ELEMENTS
- fixed length control field: 260430|| aca||aabn | a|a d
040 ## - CATALOGING SOURCE
- Original cataloging agency: OSt
- Transcribing agency: OSt
100 ## - HEADING--PERSONAL NAME
- Personal name: Jalan Priyanka Au.; Seshadri T.R. Gu.; Hum Chand Gu
670 ## - SOURCE DATA FOUND
- Source citation: Work cat.: (OSt)1849096: Jalan Priyanka Au.; Seshadri T.R. Gu.; Hum Chand Gu., Probing the Physical state of the intergalactic medium and Quasar environments, 2021
